[Event "Nordic Chess-ch 2019"]
[Site "Sarpsborg"]
[Date "2019.06.27"]
[Round "9.4"]
[White "Westerberg, Jonathan"]
[Black "Haugli, Petter"]
[Result "1-0"]
[WhiteElo "2545"]
[BlackElo "2223"]
[Annotator "TA"]
[PlyCount "93"]
[EventDate "2019.06.21"]
[EventType "swiss"]
[EventCountry "NOR"]
[SourceTitle "playchess.com"]
[Source "ChessBase"]
[SourceQuality "1"]

{[%evp 10,93,0,13,37,39,45,31,53,31,41,35,31,7,27,22,25,-14,-16,-25,6,-14,-23,-49,-6,-9,2,-8,41,30,81,31,33,8,2,16,118,122,72,46,122,132,113,119,125,116,379,410,365,404,414,423,435,429,407,423,420,410,449,449,424,449,429,447,432,409,512,490,536,491,493,406,602,566,607,591,29979,29980,29991,29981,29992,29992,29992,29977,29993,29994]} 1. d4 Nf6 2. Nf3 g6 3. Nbd2 Bg7 4. e4 d6 5. Bd3 O-O 6. O-O c6 {B07: Pirc Defence: Miscellaneous Systems} 7. c3 Qc7 8. Re1 e5 {White is slightly better.} 9. dxe5 (9. h3 Nbd7 10. Nf1 Re8 11. Ng3 b6 12. Bg5 h6 13. Bd2 Bb7 14. a4 Rad8 15. Qc1 {½-½ (40) Van Foreest,J (2612)-Mamedyarov,S (2817) Wijk aan Zee 2019}) 9... dxe5 10. Nc4 Nh5 $146 ({Predecessor:} 10... Nbd7 11. Bc2 b6 12. b4 Ba6 13. Bb3 Bxc4 14. Bxc4 b5 15. Bf1 {½-½ (91) Del Rio de Angelis,S (2512)-Zozulia,A (2347) Calvia 2007}) 11. g3 b5 12. Ne3 {[%cal Bc4e3,Be3g4,Bg4h6][%mdl 32]} Nd7 13. Bc2 a5 14. Ng4 Nc5 15. Nh6+ Kh8 16. Nh4 Nf4 17. gxf4 {[#] aiming for f5.} Bxh6 18. f5 Bxc1 (18... Rd8 $5 {[%cal Rd8d1]} 19. Qf3 Bxc1 20. Raxc1 Qe7 $11) 19. Qxc1 g5 (19... Rg8 $11) 20. Ng2 (20. Nf3 {with more complications.} Qe7 21. Kh1 Rg8 22. Rg1 a4 23. Rxg5 Rxg5 24. Qxg5 Qxg5 25. Nxg5 f6 26. Nf3) 20... Qe7 21. Qe3 $36 {[%mdl 2048] White fights for an advantage.} f6 $1 22. h4 h6 (22... Rg8 $11 {remains equal.}) 23. hxg5 hxg5 24. Qg3 Bb7 {[#]} (24... Bd7 $14) 25. Ne3 $1 $16 Kg7 26. Kg2 Rh8 27. Rh1 Rxh1 $4 {[%mdl 8192]} (27... Rad8 $16) 28. Rxh1 $18 Rh8 29. Rxh8 Kxh8 30. Ng4 Nd7 31. Qh3+ Qh7 {intending ...Qxh3+.} 32. Qd3 Qe7 33. Bb3 c5 {and if ...c4 works, Black does fine.} 34. Bd5 Bxd5 35. Qxd5 ({Not} 35. exd5 Qf7 $16) 35... Kg7 36. Qc6 b4 37. Ne3 bxc3 38. bxc3 Qf7 39. Nd5 Kh6 40. Qc8 Kg7 (40... g4 $142 41. a4 c4 42. Qxc4 Qh7) 41. Qd8 a4 42. Nc7 a3 43. Ne6+ {White mates.} Kh6 44. c4 Qh7 45. Kg3 Qf7 46. Qh8+ Qh7 47. Qe8 {Accuracy: White = 66%, Black = 39%.} 1-0

[Event "Nordic Chess-ch 2019"]
[Site "Sarpsborg"]
[Date "2019.06.27"]
[Round "9.5"]
[White "Tryggestad, Andreas Garberg"]
[Black "Getz, Nicolai"]
[Result "1/2-1/2"]
[WhiteElo "2324"]
[BlackElo "2380"]
[Annotator "TA"]
[PlyCount "73"]
[EventDate "2019.06.21"]
[EventType "swiss"]
[EventCountry "NOR"]
[SourceTitle "playchess.com"]
[Source "ChessBase"]
[SourceQuality "1"]

{[%evp 16,73,47,32,39,27,25,30,25,23,22,-16,-30,-25,51,43,41,0,0,0,0,0,0,0,0,0,0,0,0,-5,0,-9,-18,-20,-14,-15,-8,-17,-11,-37,3,3,3,3,3,-189,-179,-172,-158,-465,-456,-809,0,-469,0,0,0,0,0,0]} 1. d4 d6 2. e4 Nf6 3. Nc3 e5 4. Nf3 Nbd7 5. Bc4 Be7 6. O-O O-O 7. Re1 c6 8. a4 a5 9. h3 Nb6 {C41: Philidor Defence} 10. Ba2 Nfd7 11. Be3 exd4 {White has an edge.} 12. Nxd4 {Strongly threatening Nf5.} (12. Bxd4 Nc5 13. Bxc5 dxc5 14. Qe2 Qd6 15. Rad1 Qg6 16. Ne5 Qg5 17. Nf3 Qg6 18. Ne5 Qg5 19. Nf3 Qg6 20. Ne5 Qg5 {½-½ (20) Fressinet,L (2650)-Ponomariov,R (2663) Germany 2019}) 12... Nc5 $1 13. Nf5 Bxf5 $1 14. exf5 Bf6 $146 ({Black should play} 14... Nbd7 $11) ({Predecessor:} 14... Nbxa4 15. Nxa4 Nxa4 16. Qg4 b5 17. Bf4 {0-1 (30) Moritz,A (2104)-Ostovic,M (2307) Pardubice 2012}) 15. Bxc5 $1 $14 dxc5 16. Ne4 Qxd1 17. Raxd1 Nxa4 18. Nxf6+ gxf6 19. Re7 $1 {[%cal Re7b7]} b5 20. Be6 $1 Nb6 21. Rd3 a4 (21... fxe6 $5 22. Rg3+ $8 Kh8 $11) 22. Rg3+ Kh8 23. Bxf7 Nc8 $1 {[%cal Rc8e7]} 24. Re1 Nd6 25. Be6 b4 26. Rd3 Nb5 $1 27. Rd7 a3 28. bxa3 bxa3 29. Re4 {Threatening mate with Rh4!} Rfd8 ({Wrong is} 29... a2 $2 30. Rh4 $1 $18 {[%mdl 512]}) 30. Re7 $2 (30. Rxd8+ $1 $11 {and White is okay.} Rxd8 31. Ra4) 30... Rd4 $1 $19 {[%cal Rd4e4]} 31. Re1 Nc3 {aiming for ...c4.} 32. Rf7 $2 (32. g4 $17) 32... c4 $1 {Threatens to win with ...a2.} 33. Bd7 {[#]} (33. Kh2 $142 a2 34. Ra1) 33... a2 $2 ({Better is} 33... Rd1 $1 $19 {[%cal Rd1e1]} 34. Rxd1 Nxd1 35. Bxc6 Ra5) 34. Kh2 $2 {[%mdl 8192]} (34. Ree7 $1 $11 a1=R+ {[#]} 35. Kh2 $1 {[%mdl 512]}) 34... a1=Q $2 ({Black should try} 34... Ne4 $19 35. c3 a1=Q 36. Rxa1 Rxa1 37. Bxc6 Nxc3 38. Rxf6 Kg7) 35. Ree7 $1 $11 {[#]The position is equal.} Rh4 $1 {( -> ...Rg8)} 36. Be8 $1 {[%cal Rf7f8]} Kg8 37. Rg7+ $1 {Accuracy: White = 42%, Black = 78%.} 1/2-1/2

[Event "Nordic Chess-ch 2019"]
[Site "Sarpsborg"]
[Date "2019.06.27"]
[Round "9.6"]
[White "Gretarsson, Helgi Ass"]
[Black "Ernst, Thomas"]
[Result "1-0"]
[WhiteElo "2433"]
[BlackElo "2342"]
[Annotator "TA"]
[PlyCount "109"]
[EventDate "2019.06.21"]
[EventType "swiss"]
[EventCountry "NOR"]
[SourceTitle "playchess.com"]
[Source "ChessBase"]
[SourceQuality "1"]

{[%evp 19,109,0,0,0,0,0,0,0,0,0,46,38,33,39,32,43,16,0,40,29,58,59,57,63,97,100,98,94,117,122,148,99,139,129,193,183,276,235,260,265,252,269,264,272,258,234,338,330,318,312,300,338,373,327,379,363,386,362,355,360,337,343,343,363,356,355,316,277,278,268,479,459,457,437,704,709,732,737,1664,1639,1629,1580,1473,1461,2375,1937,2445,2600,2484,1816,29983,29984]} 1. Nf3 c5 2. g3 Nc6 3. Bg2 e5 4. c4 g6 5. O-O d6 6. Nc3 Bg7 7. a3 a5 8. Ne1 Be6 9. d3 Nge7 10. Nc2 d5 11. cxd5 {A37: Symmetrical English vs ...g6: 4 Bg2 Bg7 5 Nf3} Nxd5 12. Ne3 {[%cal Re3d5]} Nb6 13. Bxc6+ {The position is equal.} (13. Nc4 O-O 14. Bxc6 bxc6 15. Nxb6 Qxb6 16. Be3 Qxb2 17. Na4 Qb3 18. Nxc5 Qxd1 19. Rfxd1 {½-½ (46) Adams,M (2748)-Caruana,F (2823) London 2016}) 13... bxc6 14. Ne4 {[#]} Qe7 $146 ({Predecessor:} 14... Bh3 15. Re1 f5 16. Nxc5 f4 17. Nf1 O-O 18. Ne4 h5 {1-0 (45) Petrosian,T (2607)-Moiseenko,A (2668) Moscow 2016}) 15. Qc2 Nd7 16. Nc4 $36 {[%mdl 2048] White is more active.} O-O 17. Bg5 f6 18. Be3 Bd5 19. Ncd2 f5 20. Bxc5 Nxc5 21. Nxc5 Rfe8 22. e4 Bf7 23. b4 Reb8 24. Qc3 Rb5 25. Rfc1 Rab8 26. bxa5 Bh6 {[#]} (26... Ra8 $16 {was necessary.}) 27. Na6 $1 $18 {[%csl LRb8,LRc6][%cal Ra6b8]} Ra8 (27... R8b7 $142 28. Rd1 Qd8) 28. Qxc6 Qb7 29. Nc7 {[%mdl 64] Double Attack} Qxc6 30. Rxc6 Rc8 31. Nxb5 Rxc6 32. Nf3 Ra6 (32... Bg7 $142 33. Ng5 fxe4) 33. Nxe5 Bg7 34. f4 Rxa5 35. a4 fxe4 36. d4 Be8 37. Nc3 Bf8 38. Rb1 e3 39. Kg2 Bxa4 40. Kf3 Bc2 {[#] Hoping for ...Ra3.} 41. Rb2 Bf5 42. g4 ({Weaker is} 42. Kxe3 Ra3 $18) 42... Be6 43. Kxe3 Ra3 44. Kd3 Bd6 $2 (44... Bd5 45. f5 gxf5 46. gxf5 Be7 47. Rb8+ Kg7) 45. Rb6 Bxe5 46. fxe5 Bxg4 {[%mdl 4096] Endgame KRB-KRN} (46... Kf7 $142 47. Rb7+ Kf8 48. Rxh7 Rb3) 47. d5 Bf5+ 48. Kd4 Ra7 49. e6 Kg7 50. Ke5 Ra1 51. Rb7+ Kh6 52. Rb4 Kg7 53. d6 Re1+ 54. Ne4 Bxe4 55. Rxe4 {Accuracy: White = 95%, Black = 27%.} 1-0

[Event "Nordic Chess-ch 2019"]
[Site "Sarpsborg"]
[Date "2019.06.27"]
[Round "9.7"]
[White "Hobber, Anders"]
[Black "Lindgren, Philip"]
[Result "1-0"]
[WhiteElo "2282"]
[BlackElo "2384"]
[Annotator "NA"]
[PlyCount "149"]
[EventDate "2019.06.21"]
[EventType "swiss"]
[EventCountry "NOR"]
[SourceTitle "playchess.com"]
[Source "ChessBase"]
[SourceQuality "1"]
[TimeControl "40/5400+30:1800+30"]

1. Nf3 {[%emt 0:00:00]} d5 {[%emt 0:03:30]} 2. g3 {[%emt 0:00:29]} g6 {[%emt 0:01:06]} 3. Bg2 {[%emt 0:00:36]} Bg7 {[%emt 0:00:10]} 4. O-O {[%emt 0:01:55]} e5 {[%emt 0:00:26]} 5. d3 {[%emt 0:00:43]} Ne7 {[%emt 0:01:51]} 6. e4 {[%emt 0:02:43]} O-O {[%emt 0:01:17]} 7. exd5 {[%emt 0:01:56]} Nxd5 {[%emt 0:00:29]} 8. Re1 {[%emt 0:01:59]} Nc6 {[%emt 0:00:27]} 9. Nbd2 {[%emt 0:11:38]} Re8 {[%emt 0:19:24] A07: Réti Opening: New York and Capablanca Systems} 10. a4 {[%emt 0:13:37]} (10. a3 Bf5 11. Ne4 b6 12. Bg5 f6 13. c4 Bxe4 14. Rxe4 Nde7 15. Bc1 Qd7 16. Re1 Rad8 17. Bf1 {0-1 (29) Mamedyarov,S (2801)-Giri,A (2782) chess.com INT 2018}) 10... h6 {[%emt 0:07:26]} 11. c3 {[%emt 0:06:30]} Bf5 {[%emt 0:09:25]} 12. Ne4 {[%emt 0:07:24]} a5 {[%emt 0:16:18]} 13. Qb3 $146 {[%emt 0:06:40]} ({Predecessor:} 13. Nh4 Bc8 14. Qb3 Nde7 15. Be3 g5 16. Bxg5 hxg5 17. Nxg5 {½-½ (26) Arizmendi Martinez,J-Sanchez Guirado,F (2330) Mislata 1993}) 13... Nb6 {[%emt 0:10:30]} 14. Nc5 {[%emt 0:07:35]} Bxd3 {[%emt 0:03:16]} 15. Nxb7 {[%emt 0:11:07]} Qe7 {[%emt 0:01:55]} 16. Nd2 {[%emt 0:03:00]} e4 {[%emt 0:05:37]} 17. Bxe4 {[%emt 0:01:18]} Rab8 {[%emt 0:02:17]} 18. Re3 {[%emt 0:01:23]} Bxe4 {[%emt 0:01:28]} 19. Nxe4 {[%emt 0:02:01]} Ne5 {[%emt 0:01:59]} 20. Nec5 {[%emt 0:03:29]} Nbc4 {[%emt 0:01:39]} 21. Rxe5 {[%emt 0:04:07]} Nxe5 {[%emt 0:00:55]} 22. Bf4 {[%emt 0:00:26]} Nf3+ {[%emt 0:02:23]} 23. Kg2 {[%emt 0:00:54]} Ne1+ {[%emt 0:00:34]} 24. Rxe1 {[%emt 0:03:36]} Qxe1 {[%emt 0:00:15]} 25. Qd5 {[%emt 0:01:01]} Qe7 {[%emt 0:03:06]} 26. Qc6 {[%emt 0:01:37]} g5 {[%emt 0:01:46]} 27. Be3 {[%emt 0:00:51]} Be5 {[%emt 0:00:42]} 28. Qxh6 {[%emt 0:00:44]} f6 {[%emt 0:00:51]} 29. Nxa5 {[%emt 0:01:38]} Qh7 {[%emt 0:02:26]} 30. Qxh7+ {[%emt 0:00:32]} Kxh7 {[%emt 0:00:04]} 31. Nc4 {[%emt 0:00:29]} Kg6 {[%emt 0:00:42]} 32. Nxe5+ {[%emt 0:01:52]} Rxe5 {[%emt 0:01:13]} 33. b4 $1 {[%emt 0:00:06]} ({But not} 33. Nd7 Rxb2 34. Nxe5+ fxe5 $17) 33... Rd8 {[%emt 0:00:31]} 34. Kf3 {[%emt 0:01:19]} Rd1 {[%emt 0:00:24]} 35. a5 {[%emt 0:01:02]} Rb1 {[%emt 0:00:34]} 36. g4 {[%emt 0:00:39]} c6 {[%emt 0:00:28]} 37. Nd7 {[%emt 0:00:38]} Rd5 {[%emt 0:00:30]} 38. Nb8 {[%emt 0:00:39]} (38. Nc5 $11 {keeps the balance.}) 38... c5 {[%emt 0:00:33]} (38... Rd3 $17 39. Nxc6 Rxc3 40. Ne7+ Kf7) 39. Nc6 {[%emt 0:00:01]} (39. a6 $14) 39... Kf7 $2 {[%emt 0:00:30]} (39... Rd6 $15 {stays ahead.} 40. Ne7+ Kf7) 40. Bxc5 {[%emt 0:00:31]} Rd3+ {[%emt 0:00:30]} (40... f5 $16) 41. Ke4 {[%emt 0:30:52]} Rxc3 {[%emt 0:30:23]} 42. Kd5 {[%emt 0:00:00]} Rd1+ {[%emt 0:00:00] [#]} (42... Ra3 $16) 43. Nd4 $2 {[%emt 0:00:00]} (43. Bd4 $1 $18) 43... Ke8 $14 {[%emt 0:00:00]} 44. a6 {[%emt 0:00:00]} Kd7 {[%emt 0:00:00]} 45. a7 {[%emt 0:00:00]} Ra1 {[%emt 0:00:00]} 46. Nb5 {[%emt 0:00:00]} Rc2 {[%emt 0:00:00]} 47. Bb6 {[%emt 0:00:00]} Rc6 {[%emt 0:00:00]} 48. Bc5 {[%emt 0:00:00]} Re6 {[%emt 0:00:00]} 49. Bd4 {[%emt 0:00:00]} Ra2 {[%emt 0:00:00]} 50. Kc4 {[%emt 0:01:06]} Kc6 {[%emt 0:00:00]} 51. Nc3 {[%emt 0:00:47]} Ra3 {[%emt 0:00:42]} 52. b5+ {[%emt 0:00:14]} Kb7 {[%emt 0:00:19]} 53. Kd5 {[%emt 0:00:27]} Re8 {[%emt 0:03:25]} 54. Ne4 {[%emt 0:00:24]} Rd8+ {[%emt 0:01:37]} 55. Nd6+ {[%emt 0:01:12]} Rxd6+ {[%emt 0:01:05]} 56. Kxd6 {[%emt 0:00:05]} Rd3 {[%emt 0:00:30]} 57. Kd5 {[%emt 0:00:08]} Rh3 {[%emt 0:00:31]} 58. Ke6 {[%emt 0:00:29]} Rf3 {[%emt 0:00:26]} 59. b6 {[%emt 0:00:32]} Rf4 {[%emt 0:00:26]} 60. Be3 {[%emt 0:00:38]} Rxg4 {[%emt 0:00:33]} 61. Kxf6 {[%emt 0:00:27]} Rg2 {[%emt 0:00:31]} 62. h3 {[%emt 0:00:41]} Rh2 {[%emt 0:00:31]} 63. Kxg5 {[%emt 0:00:13]} Rxh3 {[%emt 0:00:05]} 64. Kg4 {[%emt 0:00:13]} Rh1 {[%emt 0:00:40]} 65. f4 {[%emt 0:00:18]} Re1 {[%emt 0:00:22]} 66. Kf3 {[%emt 0:00:13]} Ra1 {[%emt 0:00:28]} 67. Ke4 {[%emt 0:00:08]} Ra4+ {[%emt 0:00:21]} 68. Bd4 {[%emt 0:00:10]} Ra2 {[%emt 0:00:28]} 69. f5 {[%emt 0:00:34]} Re2+ {[%emt 0:00:30]} 70. Be3 {[%emt 0:00:44]} Re1 {[%emt 0:00:09]} 71. f6 {[%emt 0:00:30]} Rf1 {[%emt 0:00:33]} 72. Bd4 {[%emt 0:00:09]} Re1+ {[%emt 0:00:27]} 73. Kd5 {[%emt 0:00:06]} Re8 {[%emt 0:01:16]} 74. f7 {[%emt 0:00:19]} Rd8+ {[%emt 0:00:32]} 75. Ke5 {[%emt 0:00:20]} 1-0

[Event "Nordic Chess-ch 2019"]
[Site "Sarpsborg"]
[Date "2019.06.27"]
[Round "9.8"]
[White "Rydstrom, Tom"]
[Black "Abdrlauf, Elham"]
[Result "0-1"]
[WhiteElo "2370"]
[BlackElo "2207"]
[Annotator "TA"]
[PlyCount "63"]
[EventDate "2019.06.21"]
[EventType "swiss"]
[EventCountry "NOR"]
[SourceTitle "playchess.com"]
[Source "ChessBase"]
[SourceQuality "1"]

{[%evp 9,63,67,64,58,58,48,59,43,52,47,85,68,42,54,61,69,80,72,66,30,166,67,193,167,251,276,222,55,57,0,36,-16,139,80,91,85,109,95,139,0,116,59,242,80,79,-25,-22,-202,-169,-138,-175,-982,-939,-29973,-29974,-29984]} 1. e4 e6 2. d4 b6 3. Nf3 Bb7 4. Bd3 g6 5. Bg5 Be7 (5... Qc8 6. c4 Bg7 7. Nc3 d6 8. O-O Nd7 9. Re1 h6 10. Be3 Ne7 11. b4 a6 12. Rc1 O-O {1-0 (41) Volkov,S (2637)-Salgado Lopez,I (2627) Linares 2017}) 6. Bxe7 {B00: Queen's Fianchetto Defence, Nimzowitsch Defence} Qxe7 7. O-O f5 $146 ({Predecessor:} 7... d6 8. c4 c5 9. d5 e5 10. Nc3 Bc8 11. a4 a5 12. Nb5 Ba6 {0-1 (78) Mordetzki,A (1540)-Larrea,O (1779) Montevideo 2017}) 8. exf5 {White is slightly better.} gxf5 9. Re1 Qf6 10. c4 Ne7 11. Nc3 $36 {[%mdl 2048] Black is under pressure.} Na6 12. a3 O-O-O 13. b4 Rhg8 14. Rc1 Nb8 (14... d6 $1 $11 {and Black has nothing to worry.}) 15. g3 (15. Bf1 $1 $18) 15... d6 (15... Bxf3 $14 16. Qxf3 Nec6) 16. Nb5 $18 Nbc6 {[#]} (16... Na6 $142) 17. d5 $1 {[%mdl 512]} Ne5 (17... exd5 18. cxd5) 18. Nfd4 $2 (18. Nxa7+ Kb8 $14) (18. Nxe5 $18 dxe5 19. c5 (19. Nxa7+ Kb8 $14)) 18... a6 19. Nc3 ({White should play} 19. Nxc7 $1 $14 Kxc7 20. Nxe6+ Qxe6 21. dxe6 Nf3+ {[%mdl 64] Double Attack} 22. Kf1 Nxh2+ 23. Kg1 Nf3+ {[%mdl 64] Double Attack} 24. Kf1 Nh2+ 25. Kg1 Nf3+ {[%mdl 64] Double Attack} 26. Kf1 Nh2+) 19... exd5 (19... f4 {with more complications.} 20. Ne4 Qh6 21. Nxe6 Rde8 22. Be2 fxg3 23. hxg3 Nf5) 20. cxd5 (20. Nxd5 $14 Nxd5 21. cxd5 (21. Bxf5+ Kb8 $14)) 20... Nxd5 $2 (20... Kb8 $11) 21. Bxa6 (21. Bxf5+ $6 Kb8 $11) (21. Nxd5 $142 Bxd5 22. Bxf5+ (22. Bxa6+ Kb8 $16) 22... Kb8 23. Be4) 21... Nxc3 $16 22. Bxb7+ Kxb7 23. Rxc3 Rge8 24. Qc2 (24. a4 $16) 24... Qf7 (24... c5 $1 $11 {keeps the balance.}) 25. Rc1 (25. f4 $16 c5 26. Qg2+ (26. fxe5 cxd4 27. Rc6 d3 $11) (26. bxc5 dxc5 27. fxe5 Rxd4 $14) 26... Kb8 27. fxe5 cxd4 {[#]} 28. Rc6 $1 {[%mdl 576] Double Attack}) 25... Rd7 $2 (25... c5 $1 $14) 26. a4 $2 ({And not} 26. Qxf5 Qd5 $11) ({Weaker is} 26. Nxf5 Rf8 $16) (26. Qa4 $18 {is the precise move to win.}) 26... Qd5 27. Rd1 ({But not} 27. Nxf5 Nf3+ 28. Rxf3 Qxf3 $15) ({White should try} 27. Qd1 $16) 27... c5 $1 $11 {[%cal Rc5d4]} 28. Nxf5 $2 (28. Nb5 $11 {and White stays safe.} Nf3+ 29. Rxf3 Qxf3 30. bxc5) 28... Nf3+ $19 29. Rxf3 Qxf3 30. bxc5 $2 (30. Ne3) 30... Re2 {[%mdl 64] ( -> ...Qxf2+). Double Attack} 31. Nxd6+ {[#]} Rxd6 $1 {[%mdl 512]} 32. c6+ {Accuracy: White = 23%, Black = 29%.} (32. cxd6 Qxf2+) 0-1

[Event "Nordic Chess-ch 2019"]
[Site "Sarpsborg"]
[Date "2019.06.27"]
[Round "9.9"]
[White "Blauhut, Holger"]
[Black "Vitenberg, Noam Aviv"]
[Result "0-1"]
[WhiteElo "2041"]
[BlackElo "2256"]
[Annotator "TA"]
[PlyCount "80"]
[EventDate "2019.06.21"]
[EventType "swiss"]
[EventCountry "NOR"]
[SourceTitle "playchess.com"]
[Source "ChessBase"]
[SourceQuality "1"]

{[%evp 10,80,-2,-14,0,0,0,0,0,0,0,0,0,0,24,0,0,0,0,0,27,-50,-20,-50,-45,-88,-45,-42,8,-146,-148,-207,-141,-141,-148,-146,-139,-191,-177,-292,-264,-274,-269,-335,-275,-350,-380,-376,-376,-368,-361,-355,-225,-332,-227,-265,-144,-141,-129,-353,-375,-352,-335,-328,-324,-421,-416,-468,-471,-433,-393,-581,-546]} 1. e4 e6 2. d4 d5 3. Bd3 dxe4 4. Bxe4 Nf6 5. Bf3 c5 6. Ne2 Nc6 {[%cal Rc5d4] C01: French: Exchange Variation} 7. Be3 cxd4 (7... Nd5 8. Bxd5 Qxd5 9. Nbc3 Qxg2 10. Rg1 Qf3 11. Nb5 Rb8 12. dxc5 Bd7 13. Nc7+ Kd8 14. Nb5 {0-1 (54) Kramnik,V (2808)-Caruana,F (2808) Stavanger 2017}) 8. Nxd4 Ne5 {The position is equal.} 9. Nc3 a6 10. Qe2 Nxf3+ 11. Qxf3 e5 12. Nde2 Qc7 $146 ({Predecessor:} 12... Be7 13. Qg3 Qa5 14. O-O-O {1-0 (55) Belyakov,B (2490)-Bykov,O (2375) Voronezh 2018}) 13. O-O Be7 14. Qg3 Be6 {[#]} 15. Rfd1 ({White should try} 15. Nd4 $1 $11 {[%mdl 512]}) 15... O-O 16. Bh6 {[%csl Gh6][%cal Rg3g7]} Ne8 17. Rac1 Qc6 18. Be3 Nd6 19. b3 $2 {[#]} ({White has to play} 19. Qxe5 $11 Nf5 20. Nd4 Nxd4 21. Bxd4) 19... f6 $1 $17 20. Qh4 (20. Qf3 $17) 20... g5 21. Qb4 Rac8 22. Qb6 Nf5 23. Qxc6 (23. a4 $17) 23... Rxc6 $19 24. Ne4 (24. Bd2 $142) 24... Nxe3 25. fxe3 f5 26. Nd2 Ba3 27. Rb1 Rxc2 28. Kf1 f4 29. exf4 gxf4 30. Nf3 Bg4 ({Much less strong is} 30... Rxa2 31. Nc3 $19) 31. Rd2 (31. Rd5 {was the only defense.}) 31... Rfc8 {Threatens to win with ...Bxf3.} 32. Rbd1 Bb4 ({Black should play} 32... Rxd2 $19 33. Rxd2 e4) 33. Rxc2 $17 Rxc2 34. h3 $2 {[#]} (34. Rd5 $17) 34... Bxf3 $1 $19 35. gxf3 {[%mdl 4096] Endgame KRB-KRN} Bd2 ({Don't play} 35... Rxa2 36. Rd5 $19) 36. a4 Kf7 37. Ng1 Kg6 38. Ke2 Be3+ 39. Kd3 Rb2 40. Ke4 (40. Ne2 $142) 40... Rg2 {Accuracy: White = 30%, Black = 64%.} 0-1

[Event "Nordic Chess-ch 2019"]
[Site "Sarpsborg"]
[Date "2019.06.27"]
[Round "9.10"]
[White "Ogaard, Leif"]
[Black "Kvaloy, Aksel Bu"]
[Result "1/2-1/2"]
[WhiteElo "2385"]
[BlackElo "2138"]
[Annotator "TA"]
[PlyCount "38"]
[EventDate "2019.06.21"]
[EventType "swiss"]
[EventCountry "NOR"]
[SourceTitle "playchess.com"]
[Source "ChessBase"]
[SourceQuality "1"]

{[%evp 17,38,-16,4,-8,0,1,11,0,0,-14,0,0,0,0,0,-25,-20,-26,-19,-28,-26,-42,-23]} 1. d4 d5 2. c4 e6 3. Nc3 Bb4 4. e3 Nf6 5. Bd3 O-O 6. Nge2 c5 7. O-O cxd4 8. exd4 dxc4 9. Bxc4 Nbd7 {[%cal Bb8d7,Bd7b6,Bb6d5][%mdl 32]} 10. Qd3 {E48: Nimzo-Indian: Rubinstein: 5 Bd3 d5 including 6 Ne2, but excluding 6 a3} (10. a3 Be7 11. Bg5 Nb6 12. Ba2 Bd7 13. Qd3 Bc6 14. Rad1 Na4 15. Rd2 Nxc3 16. Nxc3 Qc7 17. d5 Nxd5 18. Nxd5 exd5 19. Bxe7 Qxe7 20. Bxd5 {½-½ (62) Ding,L (2791)-Aronian,L (2764) Stavanger 2018}) 10... a6 11. Qf3 $146 ({Predecessor:} 11. a4 Bd6 12. Ng3 Qc7 13. Be3 Rd8 14. Rac1 Bxg3 15. hxg3 Ne5 16. Qe2 Nxc4 17. Nb1 b5 {1-0 (39) Akash Pc,I (2441)-Taylor,A (2331) London 2018}) 11... Nb6 12. Bd3 {The position is equal.} Nbd5 13. Rd1 b6 14. Bg5 Bb7 {Threatening ...Nxc3.} 15. Qh3 {[#] Threatens to win with Nxd5.} h6 16. Bd2 Bd6 17. Nxd5 Bxd5 18. Nc3 Bb7 19. Be3 Rc8 1/2-1/2

[Event "Nordic Chess-ch 2019"]
[Site "Sarpsborg"]
[Date "2019.06.27"]
[Round "9.11"]
[White "Dragicevic, Drazen"]
[Black "Wahlund, Max"]
[Result "1-0"]
[WhiteElo "2359"]
[BlackElo "2103"]
[Annotator "TA"]
[PlyCount "53"]
[EventDate "2019.06.21"]
[EventType "swiss"]
[EventCountry "NOR"]
[SourceTitle "playchess.com"]
[Source "ChessBase"]
[SourceQuality "1"]

{[%evp 14,53,41,20,37,0,0,0,0,0,-7,0,32,21,25,21,27,18,57,52,81,60,91,61,147,142,133,122,233,207,234,183,203,168,162,160,157,157,350,355,868,858]} 1. Nf3 Nf6 2. d4 g6 3. g3 d5 4. Bg2 Bg7 5. O-O O-O 6. c4 c6 7. b3 Nbd7 8. Nc3 Nb6 {D78: Fianchetto Grünfeld: 6 0-0 c6} 9. Ne5 Ng4 10. Nxg4 Bxg4 {The position is equal.} 11. h3 $146 ({Predecessor:} 11. cxd5 Nxd5 12. Nxd5 cxd5 13. Qd2 Qb6 14. e3 Rfd8 15. Ba3 Bf6 16. Rfc1 {1-0 (30) Merkesvik,S (2263)-Garberg,T (1989) Helsingor 2016}) 11... Be6 12. cxd5 cxd5 13. Bf4 Qd7 14. Kh2 Rac8 15. Qd2 Rfd8 16. a4 Rc6 17. Rac1 h5 18. Rfd1 f5 ({Better is} 18... Na8 $14) 19. Nb5 $16 Nc8 20. Qa5 Rxc1 (20... Bf7 $16 {might work better.}) 21. Rxc1 $18 ({Less strong is} 21. Bxc1 a6 $14) 21... a6 22. Nc7 $36 {[%mdl 2048] Black is under strong pressure.} Bf7 23. Qb4 a5 24. Qxa5 {Black must now prevent Nb5.} Bxd4 {[#]} 25. Nxd5 $1 {[%mdl 512]} b6 $2 (25... Bxd5 $16 26. Bxd5+ Qxd5 27. Qxd5+ Rxd5) 26. Qd2 Bg7 $2 {[#]} (26... Bc5 27. Rd1 Bd6) 27. Rxc8 $1 {[%mdl 512] Accuracy: White = 84%, Black = 27%.} 1-0